<?xml version="1.0" encoding="UTF-8"?>
<record
    xmlns:xsi="http://www.w3.org/2001/XMLSchema-instance"
    xsi:schemaLocation="http://www.loc.gov/MARC21/slim http://www.loc.gov/standards/marcxml/schema/MARC21slim.xsd"
    xmlns="http://www.loc.gov/MARC21/slim">

  <leader>00822nam a2200253 a 4500</leader>
  <controlfield tag="001">79226</controlfield>
  <controlfield tag="003">BD-RjUL</controlfield>
  <controlfield tag="005">20220120091249.0</controlfield>
  <controlfield tag="008">220119s1964    is            000 0 ara d</controlfield>
  <datafield tag="035" ind1=" " ind2=" ">
    <subfield code="a">(BD-RjUL)79226</subfield>
  </datafield>
  <datafield tag="040" ind1=" " ind2=" ">
    <subfield code="a">TAU</subfield>
    <subfield code="b">eng</subfield>
    <subfield code="c">BD-RjUL</subfield>
  </datafield>
  <datafield tag="041" ind1="0" ind2=" ">
    <subfield code="a">ara</subfield>
  </datafield>
  <datafield tag="082" ind1=" " ind2=" ">
    <subfield code="2">23</subfield>
    <subfield code="a">892.78</subfield>
    <subfield code="b">FAJ 1964</subfield>
  </datafield>
  <datafield tag="090" ind1=" " ind2=" ">
    <subfield code="a">892.78</subfield>
  </datafield>
  <datafield tag="100" ind1="0" ind2=" ">
    <subfield code="a">Fakhoury, Hanna  ;; &#x627;&#x644;&#x641;&#x627;&#x62E;&#x648;&#x631;&#x64A;&#x60C; &#x62D;&#x646;&#x627;</subfield>
    <subfield code="9">811</subfield>
  </datafield>
  <datafield tag="245" ind1="1" ind2="0">
    <subfield code="a">&#x627;&#x644;&#x62C;&#x627;&#x62D;&#x638; /Al-Jahez</subfield>
    <subfield code="c">&#x62D;&#x646;&#x627; &#x627;&#x644;&#x641;&#x627;&#x62E;&#x648;&#x631;&#x64A;.</subfield>
  </datafield>
  <datafield tag="260" ind1=" " ind2=" ">
    <subfield code="a">&#x645;&#x635;&#x631; :misr :</subfield>
    <subfield code="b">&#x62F;&#x627;&#x631; &#x627;&#x644;&#x645;&#x639;&#x627;&#x631;&#x641;&#x60C;dar almaearifi,</subfield>
    <subfield code="c">1964</subfield>
  </datafield>
  <datafield tag="300" ind1=" " ind2=" ">
    <subfield code="a">101 ; &#x635;</subfield>
    <subfield code="c">23 cm</subfield>
  </datafield>
  <datafield tag="490" ind1=" " ind2=" ">
    <subfield code="a">&#x646;&#x648;&#x627;&#x628;&#x63A; &#x627;&#x644;&#x641;&#x643;&#x631; &#x627;&#x639;&#x631;&#x628;&#x64A; ;nawaabigh alfikr alearabii ;</subfield>
    <subfield code="v">2</subfield>
  </datafield>
  <datafield tag="650" ind1=" " ind2="4">
    <subfield code="a">Arabic literature</subfield>
    <subfield code="y">750-1258.</subfield>
    <subfield code="9">323</subfield>
  </datafield>
  <datafield tag="650" ind1=" " ind2="4">
    <subfield code="a">Authors, Palestinian Arab</subfield>
    <subfield code="9">812</subfield>
  </datafield>
  <datafield tag="830" ind1=" " ind2=" ">
    <subfield code="a">&#x646;&#x648;&#x627;&#x628;&#x63A; &#x627;&#x644;&#x641;&#x643;&#x631; &#x627;&#x639;&#x631;&#x628;&#x64A; </subfield>
    <subfield code="v">2</subfield>
    <subfield code="9">813</subfield>
  </datafield>
  <datafield tag="942" ind1=" " ind2=" ">
    <subfield code="2">ddc</subfield>
    <subfield code="c">BK</subfield>
  </datafield>
  <datafield tag="999" ind1=" " ind2=" ">
    <subfield code="c">79226</subfield>
    <subfield code="d">79226</subfield>
  </datafield>
  <datafield tag="952" ind1=" " ind2=" ">
    <subfield code="0">0</subfield>
    <subfield code="1">0</subfield>
    <subfield code="2">ddc</subfield>
    <subfield code="4">0</subfield>
    <subfield code="7">1</subfield>
    <subfield code="8">NFIC</subfield>
    <subfield code="a">RUCL</subfield>
    <subfield code="b">RUCL</subfield>
    <subfield code="c">Reading</subfield>
    <subfield code="d">1967-05-05</subfield>
    <subfield code="e">Maktabat - i -Ishaqiah</subfield>
    <subfield code="g">4.50</subfield>
    <subfield code="o">A 892.78 FAJ 1964</subfield>
    <subfield code="r">2022-01-19 00:00:00</subfield>
    <subfield code="t">C-1</subfield>
    <subfield code="y">BK</subfield>
  </datafield>
</record>
